Darjeeling : (Record no. 92664)

MARC details
000 -LEADER
fixed length control field 00589nam a22001817a 4500
005 - DATE AND TIME OF LATEST TRANSACTION
control field 20150410121950.0
010 ## - LCCN (DPL NO)
LC control number ENG-112456
020 ## - INTERNATIONAL STANDARD BOOK NUMBER
International Standard Book Number 9788170743477
Terms of availability 695.00
035 ## - SYSTEM CONTROL NUMBER
System control number EN-95988
037 ## - SOURCE OF ACQUISITION
Source of stock number/acquisition DBAD/PUB
082 ## - DEWEY DECIMAL CLASSIFICATION NUMBER
Classification number 333.7313095414
100 ## - MAIN ENTRY--PERSONAL NAME
Personal name Desai, Mamata
245 ## - TITLE STATEMENT
Title Darjeeling :
Statement of responsibility, etc by Mamata Desai
Remainder of title the queen of the hills : geo-environmental perception /
260 ## - PUBLICATION, DISTRIBUTION, ETC. (IMPRINT)
Place of publication, distribution, etc Kolkatta
Name of publisher, distributor, etc K.P. Bagchi
Date of publication, distribution, etc 2014
270 ## - ADDRESS
Address 286, B.B.Ganguli Street,
City Kolkatta
Postal code 700012
300 ## - PHYSICAL DESCRIPTION
Extent viii,206p. :
Dimensions 22cm(Hb)
Other physical details col. photos
942 ## - ADDED ENTRY ELEMENTS (KOHA)
Source of classification or shelving scheme Dewey Decimal Classification
Item type English Books
Call number suffix DES
Classification part 333.7313095414
Holdings
Withdrawn status Lost status Not for loan Collection code Home library Current library Date acquired Source of acquisition Cost, normal purchase price Full call number Barcode Copy number Cost, replacement price Koha item type
    Not For Loan Non-fiction D.B.Act.Division D.B.Act.Division 01/04/2015 DBAD/PUB 695.00 333.7313095414 DES EN-95988 1 695.00 English Books

© Delhi Public Library
Hit Counter
free hit counter